[Event "Oberbayern Bezirksliga 1617"]
[Site "Germany"]
[Date "2017.04.30"]
[Round "9.2"]
[White "Pohle, Reinhold"]
[Black "Neuschmied, Siegfried"]
[Result "0-1"]
[WhiteElo "1917"]
[BlackElo "2145"]
[PlyCount "66"]
[EventDate "2016.10.16"]
[EventType "team-tourn"]
[EventRounds "9"]
[EventCountry "GER"]
[SourceTitle "EXT 2019"]
[Source "ChessBase"]
[SourceDate "2018.10.10"]
[SourceVersion "1"]
[SourceVersionDate "2018.10.10"]
[SourceQuality "1"]
[WhiteTeam "Wolfratshausen"]
[BlackTeam "Pang/Rosenheim"]
[WhiteTeamCountry "GER"]
[BlackTeamCountry "GER"]

1. e4 d6 2. Nc3 g6 3. Bc4 Bg7 4. d3 Nf6 5. f4 0-0 6. Nf3 c6 7. Qe2 d5 8. Bb3 Bg4 9. h3 Bxf3 10. Qxf3 e6 11. 0-0 Nbd7 12. Be3 Ne8 13. d4 Nd6 14. e5 Nf5 15. Bf2 f6 16. g4 Nxd4 17. Bxd4 fxe5 18. Bf2 exf4 19. Qd1 Kh8 20. Re1 Qf6 21. Ne2 Rae8 22. Nd4 e5 23. Nf3 e4 24. Bd4 Qf7 25. c4 exf3 26. Rxe8 Rxe8 27. cxd5 c5 28. Bxg7+ Qxg7 29. Qxf3 Qd4+ 30. Qf2 Re3 31. Rf1 g5 32. Bd1 Ne5 33. Be2 Rxe2 0-1

[Event "Regionalliga NO 0203"]
[Site "Bayern"]
[Date "2003.03.09"]
[Round "8.5"]
[White "Pohle, Reinhold"]
[Black "Hein, Manfred"]
[Result "0-1"]
[WhiteElo "2023"]
[BlackElo "2030"]
[PlyCount "172"]
[EventDate "2002.10.20"]
[EventType "team-tourn"]
[EventRounds "9"]
[EventCountry "GER"]
[SourceTitle "EXT 2004"]
[Source "ChessBase"]
[SourceDate "2003.11.25"]
[SourceVersion "1"]
[SourceVersionDate "2003.11.25"]
[SourceQuality "1"]
[WhiteTeam "Weiden"]
[BlackTeam "Gunzenhausen"]
[WhiteTeamCountry "GER"]
[BlackTeamCountry "GER"]

1. e4 d5 2. exd5 Qxd5 3. Nc3 Qa5 4. d4 c6 5. Nf3 Nf6 6. Bc4 Bf5 7. Qe2 e6 8. Bd2 Nbd7 9. 0-0-0 Bb4 10. a3 Bxc3 11. Bxc3 Qc7 12. h3 Ne4 13. Be1 Nd6 14. Ba2 0-0-0 15. Nh4 Be4 16. f3 Bd5 17. c4 Nxc4 18. Bxc4 Bxc4 19. Qxc4 g5 20. Kb1 Nb6 21. Qe2 Rd5 22. g4 gxh4 23. Bxh4 Qf4 24. Qe4 Qh6 25. Bg3 Qg6 26. Qxg6 hxg6 27. Kc2 Rhd8 28. Bf2 Nc4 29. a4 a5 30. b3 Nb6 31. h4 Rh8 32. Rd3 Nd7 33. Rhd1 b6 34. Rc3 Kb7 35. Rb1 Rc8 36. Rd1 Nf6 37. Rh1 Rd7 38. Rd3 Nd5 39. Rdd1 Rh8 40. Rhe1 Nb4+ 41. Kc3 Rhd8 42. Re2 Nd5+ 43. Kc2 b5 44. axb5 cxb5 45. Kb2 b4 46. Re5 Rc7 47. h5 gxh5 48. gxh5 Rdc8 49. Rd2 Rc1 50. Re1 R1c3 51. Rh1 Rxf3 52. h6 Rh8 53. Be1 Rh7 54. Rg2 Rf6 55. Bd2 Ne7 56. Rh5 Nf5 57. Rgh2 Kc6 58. Bf4 Rg6 59. Rc2+ Kd5 60. Rc5+ Kxd4 61. Rxa5 Rg2+ 62. Kb1 Ke4 63. Bc1 Rg3 64. Kb2 Rg2+ 65. Kb1 Rg4 66. Rb5 Kf3 67. Rh1 Kg2 68. Rh5 Kf3 69. Rh1 f6 70. Rb6 Re4 71. Rb8 Ng3 72. Rh2 e5 73. Rg8 Rg4 74. Rd8 f5 75. Rd3+ Ke4 76. Re3+ Kd5 77. Rd3+ Ke6 78. Rc2 f4 79. Rc4 Kf5 80. Rxb4 Rxh6 81. Bb2 Ne4 82. Rd8 Rh1+ 83. Ka2 Nf6 84. Rb5 Re1 85. Ra8 f3 86. Bd4 Rxd4 0-1

[Event "Regionalliga NO 0102"]
[Site "Bayern"]
[Date "2001.11.11"]
[Round "2.6"]
[White "Wulfmeyer, Johannes"]
[Black "Pohle, Reinhold"]
[Result "0-1"]
[WhiteElo "2075"]
[BlackElo "2005"]
[PlyCount "148"]
[EventDate "2001.10.07"]
[EventType "team-tourn"]
[EventRounds "9"]
[EventCountry "GER"]
[SourceTitle "EXT 2003"]
[Source "ChessBase"]
[SourceDate "2002.11.25"]
[SourceVersion "1"]
[SourceVersionDate "2002.11.25"]
[SourceQuality "1"]
[WhiteTeam "Nuernberg II"]
[BlackTeam "Weiden"]
[WhiteTeamCountry "GER"]
[BlackTeamCountry "GER"]

1. c4 Nf6 2. Nc3 e5 3. g3 Nc6 4. Bg2 d6 5. d3 h6 6. e4 Bg4 7. f3 Be6 8. Nge2 Qd7 9. Nd5 Nh7 10. f4 Bg4 11. Be3 exf4 12. gxf4 Be7 13. 0-0 0-0 14. Qd2 Bh4 15. Nec3 a6 16. f5 Ne5 17. b3 Qd8 18. h3 Bh5 19. Nf4 g6 20. d4 Nd7 21. Nxh5 gxh5 22. Bxh6 Bg5 23. Bxg5 Qxg5 24. Qxg5+ Nxg5 25. Nd5 c6 26. Nf4 h4 27. Nh5 f6 28. Rf4 Kf7 29. Rg4 c5 30. Nf4 cxd4 31. e5 Nxe5 32. Bd5+ Ke8 33. Rg2 Rb8 34. Rd1 b5 35. Re2 Kd7 36. Kg2 bxc4 37. Bxc4 Nxc4 38. bxc4 Nf7 39. Rxd4 Rg8+ 40. Kf2 Rb1 41. Ng6 Re8 42. Red2 Ree1 43. Nxh4 Rf1+ 44. Kg3 Rbc1 45. Nf3 Rc3 46. R2d3 Rfc1 47. Nd2 Kc7 48. Ne4 Rxd3+ 49. Rxd3 Ne5 50. Ra3 Nxc4 51. Rxa6 Rf1 52. Ra7+ Kc6 53. Ra4 Ne3 54. Ra3 Nxf5+ 55. Kg2 Rd1 56. Nxf6 d5 57. Kf3 Rf1+ 58. Ke2 Rh1 59. Rc3+ Kd6 60. Rd3 d4 61. Ng4 Kd5 62. Rf3 Nd6 63. a4 Ra1 64. Nf6+ Ke6 65. h4 Ra2+ 66. Kd1 Nf5 67. Ne4 Ke5 68. Nc5 Ne3+ 69. Ke1 Rc2 70. Nd7+ Ke4 71. Rh3 Kf4 72. h5 d3 73. Rh4+ Kg3 74. Rd4 Re2# 0-1

[Event "Regionalliga NO 0001"]
[Site "Bayern"]
[Date "2001.01.28"]
[Round "5.3"]
[White "Pohle, Reinhold"]
[Black "Chytilek, Roman"]
[Result "1/2-1/2"]
[WhiteElo "2060"]
[BlackElo "2345"]
[PlyCount "98"]
[EventDate "2000.10.15"]
[EventType "team-tourn"]
[EventRounds "9"]
[EventCountry "GER"]
[SourceTitle "EXT 2020"]
[Source "ChessBase"]
[SourceDate "2019.10.17"]
[SourceVersion "1"]
[SourceVersionDate "2019.10.17"]
[SourceQuality "1"]
[WhiteTeam "Weiden"]
[BlackTeam "Cham"]
[WhiteTeamCountry "GER"]
[BlackTeamCountry "GER"]

1. e4 e6 2. b3 c5 3. Bb2 a6 4. Nf3 Nc6 5. Be2 Nf6 6. d3 Be7 7. 0-0 0-0 8. a4 b6 9. Nbd2 Bb7 10. Re1 Qc7 11. Nf1 d5 12. exd5 Nxd5 13. Ng3 Rad8 14. Qd2 Qf4 15. Qd1 Qh6 16. Bf1 Bf6 17. Bxf6 Nxf6 18. Nd2 Nd5 19. Nc4 Rfe8 20. Ne4 a5 21. Qc1 Qxc1 22. Raxc1 Re7 23. g3 Ba6 24. Bg2 Ncb4 25. Ne3 h6 26. h4 Nxe3 27. Rxe3 Nd5 28. Ree1 Bb7 29. Nd2 Ba6 30. Nf1 Nc3 31. Ne3 Kf8 32. Ra1 Bb7 33. Bxb7 Rxb7 34. Nc4 Nd5 35. Kf1 Nb4 36. Rac1 Nc6 37. Re3 Nd4 38. Ke1 Ke7 39. Kd2 f6 40. Rce1 Kf7 41. Kc1 e5 42. g4 Ne6 43. Rg3 Rd4 44. Re4 Ke7 45. Ne3 Rxe4 46. Nf5+ Kf8 47. dxe4 Nf4 48. Re3 Rd7 49. Re1 Ke8 1/2-1/2

[Event "Landesliga Sued 9899"]
[Site "Bayern"]
[Date "1999.05.09"]
[Round "8.7"]
[White "Pohle, Reinhold"]
[Black "Wolf, Gerhard1111"]
[Result "1-0"]
[WhiteElo "2095"]
[BlackElo "2069"]
[PlyCount "79"]
[EventDate "1998.11.10"]
[EventType "team-tourn"]
[EventRounds "9"]
[EventCountry "GER"]
[SourceTitle "EXT 2020"]
[Source "ChessBase"]
[SourceDate "2019.10.17"]
[SourceVersion "1"]
[SourceVersionDate "2019.10.17"]
[SourceQuality "1"]
[WhiteTeam "Starnberg SC"]
[BlackTeam "Muenchen FC Bayern II"]
[WhiteTeamCountry "GER"]
[BlackTeamCountry "GER"]

1. e4 d6 2. f4 c5 3. Nf3 Nc6 4. Nc3 g6 5. h3 Bg7 6. Bb5 Bd7 7. d3 e6 8. 0-0 Nge7 9. Be3 Nd4 10. Bxd7+ Qxd7 11. Qd2 0-0 12. Nd1 b6 13. c3 Nxf3+ 14. Rxf3 f5 15. Bf2 Qc6 16. Qe2 Rae8 17. Bh4 fxe4 18. dxe4 Bf6 19. Bg3 Bg7 20. Nf2 d5 21. Re1 c4 22. Bh4 d4 23. cxd4 Bxd4 24. Bxe7 Rxe7 25. Kh2 b5 26. e5 Bxf2 27. Qxf2 Rd7 28. h4 Kh8 29. Re2 Rdf7 30. Rd2 Qe4 31. g3 Qb7 32. Rd6 Re7 33. Ra3 b4 34. Raa6 c3 35. bxc3 bxc3 36. Rac6 Rc7 37. Qc5 Qb2+ 38. Kh3 Rxc6 39. Rxc6 Qxa2 40. Qxf8# 1-0

[Event "Landesliga Sued 9899"]
[Site "Bayern"]
[Date "1999.03.14"]
[Round "6.6"]
[White "Hackbarth, Wolfgang"]
[Black "Pohle, Reinhold"]
[Result "1/2-1/2"]
[WhiteElo "1990"]
[BlackElo "2095"]
[PlyCount "91"]
[EventDate "1998.11.10"]
[EventType "team-tourn"]
[EventRounds "9"]
[EventCountry "GER"]
[SourceTitle "EXT 2020"]
[Source "ChessBase"]
[SourceDate "2019.10.17"]
[SourceVersion "1"]
[SourceVersionDate "2019.10.17"]
[SourceQuality "1"]
[WhiteTeam "Pfarrkirchen SC"]
[BlackTeam "Starnberg SC"]
[WhiteTeamCountry "GER"]
[BlackTeamCountry "GER"]

1. c4 Nf6 2. d4 e5 3. e3 exd4 4. exd4 Bb4+ 5. Bd2 Qe7+ 6. Qe2 Qxe2+ 7. Bxe2 Bxd2+ 8. Nxd2 d5 9. Ngf3 0-0 10. 0-0 Nc6 11. c5 a6 12. a3 Bg4 13. h3 Bh5 14. Rfd1 Rfe8 15. Bf1 Re7 16. g4 Bg6 17. Rac1 h6 18. Nb1 Bxb1 19. Rxb1 Ne4 20. Rd3 Rf8 21. Nh4 g6 22. b4 Na7 23. a4 c6 24. Re1 Rfe8 25. f3 Ng5 26. Rxe7 Rxe7 27. Kf2 Ne6 28. Ng2 Kf8 29. Ne3 Re8 30. Nc2 Rb8 31. Rd2 Ke7 32. Na3 Nc7 33. a5 Ne6 34. h4 Kf6 35. Nc2 Nc8 36. Ne3 Ne7 37. Kg3 Kg7 38. f4 f5 39. Bh3 Rf8 40. gxf5 gxf5 41. Kf3 Kf6 42. Rd1 Rg8 43. h5 Ng7 44. Rg1 Rf8 45. Rh1 Ne6 46. Rd1 1/2-1/2

[Event "Landesliga Sued 9697"]
[Site "Bayern"]
[Date "1997.02.16"]
[Round "6"]
[White "Pohle, Reinhold"]
[Black "Hornung, Hans"]
[Result "1-0"]
[WhiteElo "2050"]
[BlackElo "2130"]
[PlyCount "113"]
[EventDate "1996.10.13"]
[EventType "team-tourn"]
[EventRounds "9"]
[EventCountry "GER"]
[SourceTitle "EXT 2020"]
[Source "ChessBase"]
[SourceDate "2019.10.17"]
[SourceVersion "1"]
[SourceVersionDate "2019.10.17"]
[SourceQuality "1"]
[WhiteTeam "Starnberg SC"]
[BlackTeam "Ingolstadt"]
[WhiteTeamCountry "GER"]
[BlackTeamCountry "GER"]

1. e4 c5 2. d4 cxd4 3. c3 dxc3 4. Nxc3 e6 5. Nf3 Nc6 6. Bc4 a6 7. 0-0 Nge7 8. Qe2 Ng6 9. Be3 Be7 10. a3 0-0 11. Rfd1 b5 12. Ba2 Bb7 13. Rd2 d6 14. Rad1 Qc7 15. Rc2 Qb8 16. Ng5 h6 17. Nh3 Re8 18. Qh5 Bf8 19. f4 Na5 20. f5 Ne5 21. fxe6 fxe6 22. Nf4 Nac4 23. Bd4 Qc7 24. Rf2 Rad8 25. Bxe5 dxe5 26. Rxd8 Qxd8 27. Nxe6 Qe7 28. Nc5 Rd8 29. Nxb7 Qxb7 30. Qxe5 Qa7 31. b4 Kh8 32. Bxc4 bxc4 33. g3 Rd2 34. Qf4 Rd8 35. Nd5 Qd4 36. Qe3 Rxd5 37. Rxf8+ Kh7 38. Qxd4 Rxd4 39. Kf2 Rxe4 40. Rf4 Re6 41. Rxc4 h5 42. a4 Re5 43. Rc5 Re4 44. Rxh5+ Kg6 45. Rh4 Re5 46. Rc4 Rf5+ 47. Ke3 Rf1 48. Rc6+ Kf5 49. Rxa6 g5 50. h3 Re1+ 51. Kf2 Re4 52. Rb6 Rc4 53. a5 Ke4 54. Rb5 Rc2+ 55. Ke1 Ke3 56. Re5+ Kf3 57. Rxg5 1-0

[Event "Landesliga Sued 9697"]
[Site "Bayern"]
[Date "1996.11.17"]
[Round "2"]
[White "Linhart, Wolfgang"]
[Black "Pohle, Reinhold"]
[Result "1-0"]
[WhiteElo "2155"]
[BlackElo "2050"]
[PlyCount "101"]
[EventDate "1996.10.13"]
[EventType "team-tourn"]
[EventRounds "9"]
[EventCountry "GER"]
[SourceTitle "EXT 2020"]
[Source "ChessBase"]
[SourceDate "2019.10.17"]
[SourceVersion "1"]
[SourceVersionDate "2019.10.17"]
[SourceQuality "1"]
[WhiteTeam "Passau II"]
[BlackTeam "Starnberg SC"]
[WhiteTeamCountry "GER"]
[BlackTeamCountry "GER"]

1. d4 Nf6 2. Nf3 d5 3. Bf4 e6 4. e3 Be7 5. Nbd2 Nbd7 6. c3 0-0 7. Bd3 b6 8. Ne5 Bb7 9. Qf3 Ne8 10. Rd1 f5 11. g4 Nd6 12. gxf5 exf5 13. Rg1 Ne4 14. Qg2 Bf6 15. Ndf3 Qe7 16. Bb5 Nb8 17. h4 a6 18. Ba4 b5 19. Bb3 Nd7 20. h5 Rfd8 21. Qh3 Qe6 22. h6 Bxe5 23. dxe5 g6 24. Nd4 Qe8 25. Qxf5 Ndc5 26. e6 Nxb3 27. axb3 c5 28. Qe5 Qe7 29. Nf5 Qf6 30. Qxf6 Nxf6 31. Bg5 Ne8 32. Bxd8 Rxd8 33. b4 Kh8 34. Ng3 Nc7 35. bxc5 Nxe6 36. b4 Ng5 37. Ke2 Bc8 38. Rd4 Ne6 39. Rh4 Re8 40. Kd2 Nd8 41. Ne2 Nc6 42. Rf4 Ne5 43. Nd4 Kg8 44. Rg5 Nf7 45. Rxd5 Nxh6 46. c6 Nf7 47. c7 g5 48. Rf6 Kg7 49. Rb6 Ne5 50. Rb8 Nc4+ 51. Ke1 1-0